000 00374nam a22001577a 4500
005 20160511165219.0
008 160511b xxu||||| |||| 00| 0 eng d
020 _a978-0-07-059943-7
041 _aeng
082 _b1377
100 _aKhan, MY, Jain, PK
_9448
245 _aBaric Financial Management
260 _aNew Delhi
_bTMH
650 _aManagement
_9241
942 _cBK
999 _c600
_d600